LIBRARY & INFORMATION CENTRE, KCAET, TAVANUR

ONLINE PUBLIC ACCESS CATALOGUE (OPAC)

Biology / (Record no. 10819)

MARC details
000 -LEADER
fixed length control field 00400cam a2200169ua 4500
041 ## - LANGUAGE CODE
Language code of text/sound track or separate title eng
082 ## - DEWEY DECIMAL CLASSIFICATION NUMBER
Classification number 581
Item number CHA/BI
100 ## - MAIN ENTRY--AUTHOR NAME
Personal name Chandrasekharan, S.N .
245 ## - TITLE STATEMENT
Title Biology /
260 ## - PUBLICATION, DISTRIBUTION, ETC. (IMPRINT)
Place of publication Chennai :
Name of publisher S.Viswanathan ,
Year of publication 1961.
300 ## - PHYSICAL DESCRIPTION
Number of Pages 148 ; .
942 ## - ADDED ENTRY ELEMENTS (KOHA)
Koha item type Books
Holdings
Withdrawn status Lost status Damaged status Home library Current library Date acquired Full call number Accession Number Koha item type
Withdrawn     KAUAET KAUAET 07/04/2012 581 CHA/BI 9868 Books
free website counter